banner-ar

سيرة الادب الانجليزى للقارئ العربى / (Record no. 50779)

MARC details
000 -الفاتح
حقل البيانات ثابتة الطول 00602nam a2200193Ia 4500
008 - عناصر البيانات ثابتة الطول - معلومات عامة
حقل البيانات ثابتة الطول 140319s9999 xx 000 0 ara d
040 ## - مصدر الفهرسة
وكالة الفهرسة الأصلية GCL /
وكالة النسخ GCL
082 04 - رقم تصنيف ديوى العشرى
رقم التصنيف 820
رقم المادة ف س
100 1# - المدخل الرئيسى - إسم شخصى
الإسم الشخصى فاطمة موسى
245 10 - بيان العنوان
العنوان سيرة الادب الانجليزى للقارئ العربى /
بيان المسئوليه,etc فاطمة موسى
300 ## - الوصف المادى
التعداد 151 ص
490 ## - بيان السلسلة
عنوان السلسلة مكتبة الاسرة
رقم المجلد/ التعيين التسلسلي 0
650 04 - المدخل الاضافى بالموضوع-مصطلح موضوعى
مصطلح موضوعي الادب الانجليزى
650 04 - المدخل الاضافى بالموضوع-مصطلح موضوعى
مصطلح موضوعي المسرح الانجليزى
650 04 - المدخل الاضافى بالموضوع-مصطلح موضوعى
مصطلح موضوعي الشعر الانجليزى
650 04 - المدخل الاضافى بالموضوع-مصطلح موضوعى
مصطلح موضوعي الرواية الانجليزية
942 ## - عناصر المدخل الإضافي( كوها)
مصدر التصنيف او مخطط الترفيف Dewey Decimal Classification
Koha [default] item type كتاب
Holdings
حالة التراجع حالة الفقد حالة تلف ليس للاعارة المكان المؤقت الموقع الحالى تاريخ الاكتساب اجمالي اﻻعارات رقم الطلب الباركود تاريخ اخر مشاهدة تاريخ تفعيل السعر نوع وعاء كوها
        مكتبة القاهرة الكبرى مكتبة القاهرة الكبرى 03/26/2014   820\ف س 121688 03/26/2014 03/26/2014 كتاب

Powered By

EGPV